000 00375nam a2200133 i 4500
001 25338
003 ES-MaACL
007 t|
008 021224s1884 sp ||||1| spa d
100 1 _aArmangué y Tuset, José.
_922916
245 1 0 _aEstudios clínicos de neuropatología /
_cJosé Armangué y Fuset.
260 _aBarcelona :
_b[s.n.,
_c1884]
852 _aES-MaACL
_jT-687-F-5
999 _c25338
_d25338